000 01457cam a22004217a 4500
003 CHAP
005 20220817044355.0
008 100913s2010 it rnf 00010 fre d
010 _a99251
011 _a100223
020 _a9789252064933
035 _a110909
040 _cCHAP
082 0 0 _a641.30218
_bF26fMan. 2010
110 2 _aFAO. Comisión del Codex Alimentarius
_939482
245 1 0 _aManuel de procédure
_c/by FAO. Commission du Codex Alimentarius
254 _a19 ed.
260 _aRome :
_bFAO,
_c2010
300 _aiv, 203 p.
490 _aPrograma conjunto FAO/OMS sobre normas alimentarias
590 _aBATCH-UPD
_b10
_c20130110
_lUCH01
_h1151
590 _aBATCH-UPD
_b10
_c20130410
_lUCH01
_h0735
590 _aBATCH-UPD
_b10
_c20130913
_lUCH01
_h2018
590 _aCONVERSION
_b10
_c20130109
_lUCH01
_h1355
650 1 4 _aAditivos alimenticios.
_9907
650 1 4 _aAlimentos
_xAnálisis.
_94164
650 1 4 _aAlimentos
_xEtiquetado.
650 1 4 _aAlimentos
_xExportación.
_94222
650 1 4 _aAlimentos
_xHigiene.
_94224
650 1 4 _aAlimentos
_xInspección.
_94239
650 1 4 _aAlimentos
_xNormas de calidad.
_94256
650 1 4 _aManuales de procedimientos.
_970675
650 1 4 _aResíduos químicos
_xEfecto en alimentos.
_996150
830 0 _aPrograma conjunto FAO/OMS sobre normas alimentarias
_992254
901 _aBK
942 _cLIBRO
949 _a641.30218 F26fMan. 2010
_bBC
_cFAO
_d33724002176637
_eFAO1
_h113421
_i110909
_sb
999 _c99251
_d99251